[Event "50th World Juniors"]
[Site "Chennai IND"]
[Date "2011.08.11"]
[Round "9.32"]
[White "Valsecchi,A"]
[Black "Pradeep,KR"]
[Result "1-0"]
[WhiteElo "2354"]
[BlackElo "2245"]

1.e4 c5 2.Nf3 Nc6 3.Bb5 g6 4.O-O Bg7 5.Re1 Nf6 6.e5 Nd5 7.Nc3 Nc7 8.Bxc6 dxc6
9.Ne4 Ne6 10.d3 O-O 11.Be3 b6 12.Qd2 f5 13.exf6 exf6 14.Bh6 Qc7 15.Bxg7 Kxg7
16.Qc3 Bd7 17.g3 Rae8 18.Re3 Bc8 19.a3 a5 20.b4 cxb4 21.axb4 axb4 22.Qxb4 c5
23.Qb2 Bd7 24.Rae1 Qc6 25.c4 h6 26.Ra1 Nc7 27.Ra7 b5 28.Nxf6 Rxf6 29.Ne5 Qd6
30.Nxd7 Rxe3 31.Nxf6 Re1+ 32.Kg2 Kf8 33.Nd5 bxc4 34.dxc4 Re7 35.Qh8+  1-0

[Event "29th World Junior Girls"]
[Site "Chennai IND"]
[Date "2011.08.11"]
[Round "9.1"]
[White "Semenova,E"]
[Black "Girya,O"]
[Result "1/2-1/2"]
[WhiteElo "2175"]
[BlackElo "2371"]

1.e4 c5 2.Nf3 Nc6 3.Bb5 Nf6 4.Bxc6 dxc6 5.d3 Bg4 6.Nbd2 Nd7 7.h3 Bh5 8.Nc4 Qc7
9.Qe2 e6 10.Bd2 Be7 11.Bc3 f6 12.e5 O-O-O 13.O-O-O Bxf3 14.Qxf3 f5 15.Qe3 Nb6
16.Ba5 Rd5 17.Qe2 Kb8 18.g4 Rf8 19.f4 Rd4 20.Rdf1 g6 21.h4 Bd8 22.Bc3 Rd7
23.Ba5 Rd4 24.Bc3 Rd7 25.Ba5 Rd4 26.Bc3 Rd7 27.Ba5 Rd4 28.Bc3 Rd7 29.Ba5 Rd4
30.Bc3 Rd7 31.Ba5 Rd4 32.Kd2  1/2-1/2

[Event "7th Gazi-Heraklion Open"]
[Site "Heraklion GER"]
[Date "2011.08.11"]
[Round "7"]
[White "Kasparova,T"]
[Black "Patrucco,C"]
[Result "1-0"]
[WhiteElo "2129"]
[BlackElo "1884"]

1.e4 c5 2.Nf3 Nc6 3.Bb5 e6 4.Bxc6 bxc6 5.O-O Qc7 6.Re1 Ne7 7.b3 d5 8.Nc3 Ng6
9.exd5 cxd5 10.Nxd5 Qd6 11.Ne3 Be7 12.Nc4 Qc7 13.d3 O-O 14.Bb2 Bb7 15.a4 Rad8
16.Bc3 Rd5 17.Ne3 Rh5 18.Nf1 Qf4 19.Ng3 Rd5 20.Qd2 Qc7 21.Qe3 Bd6 22.Bb2 Bf4
23.Qe2 Bh6 24.Ne5 Nf4 25.Qf1 Nxg2 26.Qxg2 Rxe5 27.Bxe5  1-0

[Event "Sakkozo Magyarok World Meeting"]
[Site "Lakitelek HUN"]
[Date "2011.08.11"]
[Round "7.34"]
[White "Tuzes,Gyula"]
[Black "Polner,I"]
[Result "0-1"]
[WhiteElo "1625"]
[BlackElo "1884"]

1.e4 c5 2.Nf3 Nc6 3.Bb5 Nd4 4.Nxd4 cxd4 5.Bc4 g6 6.d3 Bg7 7.Nd2 e6 8.Nf3 f6
9.O-O Ne7 10.Bd2 O-O 11.c3 dxc3 12.Bxc3 d5 13.exd5 Nxd5 14.Bd4 Qd6 15.a3 e5
16.Bc3 Be6 17.Bb4 Nxb4 18.Bxe6+ Qxe6 19.axb4 Rfd8 20.Re1 Qd5 21.Ra3 f5 22.h3 e4
23.Nd2 Bxb2 24.Rb3 Bf6 25.Nf1 f4 26.Kh1 Rac8 27.Rb1 exd3 28.Nd2 Rc2 29.Rc1 Bc3
30.Rxc2 dxc2 31.Qxc2 Qxd2 32.Qb3+ Kf8 33.Re6 Qd1+ 34.Kh2 Qxb3  0-1

[Event "20th Poznan Open"]
[Site "Poznan POL"]
[Date "2011.08.11"]
[Round "6.8"]
[White "Kowara,M"]
[Black "Korbal,A"]
[Result "0-1"]
[WhiteElo "1876"]
[BlackElo "2052"]

1.e4 c5 2.Nf3 Nc6 3.Bb5 e6 4.Bxc6 bxc6 5.Qe2 Qc7 6.e5 Ne7 7.d3 Ng6 8.Nc3 Be7
9.h4 f6 10.exf6 gxf6 11.g3 h5 12.Qe4 f5 13.Qe2 d5 14.Bg5 d4 15.Nb1 Bd6 16.Nbd2 e5
17.Nc4 Kf7 18.O-O Bd7 19.Bd2 Rae8 20.Ng5+ Kg7 21.Ba5 Qb8 22.Rae1 Be7 23.Bd2 Bf6
24.Qf3 Re7 25.Kh2 Qc7 26.Ba5 Qb8 27.Bd2 e4 28.dxe4 Nxh4 29.Qd1 Ng6 30.exf5 Bxf5
31.Rxe7+ Bxe7 32.Kg1 Bg4 33.Qe1 Bxg5 34.Bxg5 Bh3 35.Qe4 Bxf1 36.Kxf1 Qe8
37.Qd3 Qe6 38.Nd2 Re8 39.Kg2 Qd5+  0-1

[Event "e2e4 Int Masters B"]
[Site "Sunningdale ENG"]
[Date "2011.08.11"]
[Round "2"]
[White "Longson,A"]
[Black "Brown,An"]
[Result "1-0"]
[WhiteElo "2237"]
[BlackElo "2202"]

1.e4 c5 2.Nf3 Nc6 3.Bb5 g6 4.O-O Bg7 5.c3 Nf6 6.Re1 O-O 7.h3 d6 8.d3 Ne8
9.Be3 Qb6 10.Bxc6 Qxc6 11.Qd2 b6 12.d4 Nf6 13.d5 Qa4 14.Bh6 Nxe4 15.Qf4 e5
16.Qh4 f5 17.Bxg7 Kxg7 18.Ng5 h6 19.Nxe4 g5 20.Qh5 fxe4 21.b3 Qd7 22.Nd2 Qe7
23.Nxe4 Bf5 24.g3 Rf7 25.Rad1 Raf8 26.Rd2 Qd7 27.Re3 Bxe4 28.Rxe4 Rf3 29.c4 Qf5
30.Ree2 Qb1+ 31.Kg2 Rc3 32.Rb2 Qd1 33.Rbd2 Rxf2+ 34.Kxf2 Qh1 35.Rc2 Rxc2
36.Rxc2 Qh2+ 37.Ke3 Qxc2 38.Qe8 Qc3+ 39.Ke2 Qxg3 40.Qe7+ Kg6 41.Qe6+ Kh5
42.Qxd6 Qg2+ 43.Ke1 Qh1+ 44.Ke2 Qa1 45.Qe6 Qxa2+ 46.Ke1 Qb1+ 47.Ke2 Qc2+
48.Ke1 Qe4+ 49.Kd1 Qd3+ 50.Ke1 Qe3+ 51.Kf1 Qf3+ 52.Ke1 Qh1+ 53.Ke2 Qh2+ 54.Ke1 Qh1+
55.Ke2 Qe4+ 56.Kf1 Qf4+ 57.Ke1 e4 58.d6 Qg3+ 59.Ke2 Qd3+ 60.Ke1 Qe3+ 61.Kf1 Qc1+
62.Ke2 Qc2+ 63.Ke1 Qc1+ 64.Ke2 Qb2+ 65.Ke1 Qa1+ 66.Ke2 Qa2+ 67.Ke3 Qxb3+
68.Kxe4 Qb1+ 69.Kd5 Qh1+ 70.Ke5 Qh2+ 71.Kf6 Qb2+ 72.Ke7 Qh8 73.d7  1-0

[Event "Baku Open A"]
[Site "Baku AZE"]
[Date "2011.08.12"]
[Round "7"]
[White "Najer,E"]
[Black "Mamedov,Rau"]
[Result "1-0"]
[WhiteElo "2643"]
[BlackElo "2679"]

1.e4 c5 2.Nf3 Nc6 3.Bb5 d6 4.O-O Bd7 5.c3 g6 6.d4 Bg7 7.dxc5 dxc5 8.Be3 Nf6
9.e5 Ng4 10.e6 Bxe6 11.Qxd8+ Rxd8 12.Bxc5 a6 13.Bxc6+ bxc6 14.Nd4 Rd5 15.b4 Ne5
16.Nd2 Nd3 17.Nxe6 fxe6 18.Ne4 a5 19.a3 Nxc5 20.bxc5 Kd7 21.Rfb1 Kc7 22.Kf1 Rf8
23.Ra2 Rb8 24.Rxb8 Kxb8 25.Ke2 Kc7 26.Rd2 Bh6 27.Rd4 Kb7 28.a4 Kc7 29.g4 Bf4
30.h3 h5 31.Rd3 Re5 32.Kf3 Bc1 33.c4 h4 34.Re3 g5 35.Ke2 Kd7 36.Kd3 Ba3 37.Re1 Ke8
38.Rb1  1-0

[Event "FSFMC August"]
[Site "Budapest HUN"]
[Date "2011.08.12"]
[Round "7"]
[White "Vujosevics,Eszter"]
[Black "Bella,Zsolt"]
[Result "1-0"]
[WhiteElo "1431"]
[BlackElo "1471"]

1.e4 c5 2.Nf3 Nc6 3.Bb5 e6 4.O-O Nge7 5.Nc3 a6 6.Be2 Ng6 7.d3 Be7 8.Be3 Nd4
9.Nxd4 cxd4 10.Bxd4 O-O 11.f4 Qc7 12.f5 exf5 13.exf5 Nf4 14.Bf3 Bc5 15.Bf2 Qa5
16.Qc1 Bxf2+ 17.Rxf2 Qxf5 18.Be4 Nh3+ 19.gxh3 Qxh3 20.Qg5 g6 21.Bf5 Qh5 22.Qxh5 gxh5
23.Rg2+ Kh8 24.Rf1 Rg8 25.Rf2 d6 26.Rxg8+ Kxg8 27.Rg2+ Kh8 28.Be4 Bh3 29.Rg3 Be6
30.Bxb7 Rb8 31.Bxa6 Rxb2 32.Rg2 d5 33.a4 f5 34.Re2 d4 35.Rxe6 Rxc2 36.Nd5 Rd2
37.Re1 Rxd3 38.Bxd3  1-0

[Event "50th World Juniors"]
[Site "Chennai IND"]
[Date "2011.08.12"]
[Round "10.38"]
[White "Petenyi,T"]
[Black "Aravindh,Chithambaram VR."]
[Result "1/2-1/2"]
[WhiteElo "2398"]
[BlackElo "2212"]

1.e4 c5 2.Nf3 Nc6 3.Bb5 g6 4.Bxc6 bxc6 5.O-O Bg7 6.Re1 Nh6 7.c3 O-O 8.d4 cxd4
9.cxd4 d5 10.e5 f6 11.exf6 exf6 12.Bxh6 Bxh6 13.Nc3 Qd6 14.Na4 Bf5 15.Nc5 Rae8
16.Nd2 Qb8 17.Ndb3 a5 18.Rxe8 Rxe8 19.Qf1 Qf4 20.Re1 Ra8 21.a4 Bf8 22.g3 Qb8
23.Qe2 Qb4 24.Rd1 Rb8 25.Qd2 Bxc5 26.Nxc5 Qxb2 27.Qxa5 Bh3 28.Qe1 Kf7 29.Qe3 Re8
30.Qh6 Qe2 31.Qxh7+ Kf8 32.Qh8+ Kf7 33.Qh7+ Kf8 34.Qh8+ Kf7 35.Qxh3 Qxd1+
36.Kg2 Kg8 37.Qh6 Qxd4 38.Qxg6+ Kf8 39.Qh6+ Kg8 40.Qg6+ Kf8 41.Nd7+ Ke7 42.Qg7+ Ke6
43.Nf8+ Rxf8 44.Qxf8 Qe4+ 45.Kg1 Qb1+ 46.Kg2 Qe4+ 47.Kg1  1/2-1/2

[Event "50th World Juniors"]
[Site "Chennai IND"]
[Date "2011.08.12"]
[Round "10.46"]
[White "Shreyansh,D"]
[Black "Yashas,D"]
[Result "1-0"]
[WhiteElo "2298"]
[BlackElo "2184"]

1.e4 c5 2.Nf3 Nc6 3.Bb5 g6 4.Bxc6 bxc6 5.O-O Bg7 6.Re1 Nh6 7.c3 O-O 8.d4 cxd4
9.cxd4 f6 10.Nc3 Nf7 11.b3 Qa5 12.Bb2 Qh5 13.Qc2 g5 14.Ne2 Qg6 15.Nd2 Ba6
16.Ng3 e6 17.b4 h5 18.a4 h4 19.Ngf1 g4 20.Ne3 Bh6 21.Ba3 Rfe8 22.Nb3 Rab8
23.Nc5 Bc8 24.Rad1 d6 25.Nb3 Bd7 26.Na5 Rec8 27.Qe2 g3 28.Ng4 Bf4 29.hxg3 hxg3
30.fxg3 Bxg3 31.Rf1 f5 32.Rd3 fxg4 33.Rxg3 e5 34.dxe5 Nxe5 35.Nc4 Rf8 36.Nxe5 Rxf1+
37.Qxf1 dxe5 38.Qc4+ Qf7 39.Qxf7+ Kxf7 40.Rd3 Ke8 41.Kf2 Ra8 42.Rd6 a5 43.Rh6 Ra7
44.b5 cxb5 45.axb5 Rb7 46.b6 Bb5 47.Bc5 Kd8 48.Rg6 Rf7+ 49.Ke3 Kc8 50.Rxg4 Kb7
51.Rg5 a4 52.Rxe5 a3 53.Bxa3 Kxb6 54.g4 Bd7 55.g5 Kc6 56.Be7 Rf1 57.g6 Rg1
58.Bg5 Be8 59.Rxe8 Rxg5 60.Re6+ Kd7 61.Ra6 Ke7 62.Kf4 Rg1 63.Kf5 Kf8 64.Ra8+ Kg7
65.Ra7+ Kg8 66.e5 Rf1+ 67.Ke6 Re1 68.Kf6 Rf1+ 69.Ke7 Kg7 70.e6 Kxg6 71.Ra8 Kg7
72.Ra2 Re1 73.Rg2+ Kh7 74.Kf7 Rf1+ 75.Ke8 Ra1 76.e7 Re1 77.Rd2 Ra1 78.Kd7  1-0

[Event "Cafe Atlantis Masters"]
[Site "Groningen NED"]
[Date "2011.08.12"]
[Round "5.1"]
[White "Geurink,J"]
[Black "Bedouin,X"]
[Result "1-0"]
[WhiteElo "2293"]
[BlackElo "2410"]

1.e4 c5 2.Nf3 Nc6 3.Bb5 e6 4.Bxc6 bxc6 5.b3 Ne7 6.Bb2 d5 7.d3 Ng6 8.h4 h5
9.Nbd2 f6 10.e5 Be7 11.Qe2 a5 12.a4 Kf7 13.O-O-O Rb8 14.Qe3 Qc7 15.Rhg1 Rb4
16.Rde1 Bd7 17.g3 Qb7 18.Qe2 Rb8 19.exf6 gxf6 20.Ng5+ fxg5 21.Qxh5 gxh4 22.gxh4 Rg8
23.Qh7+ Kf8 24.Rxg6 Rxg6 25.Qxg6 Bxh4 26.Bf6 Bc8 27.Qh6+ Ke8 28.Qh8+  1-0

[Event "Split Open"]
[Site "Split CRO"]
[Date "2011.08.12"]
[Round "8.21"]
[White "Marcic,I"]
[Black "Katavic,B"]
[Result "1-0"]
[WhiteElo "1999"]
[BlackElo "2197"]

1.e4 c5 2.Nf3 Nc6 3.Bb5 Qc7 4.O-O Nf6 5.Re1 g6 6.c3 Bg7 7.d4 cxd4 8.cxd4 O-O
9.Nc3 d6 10.h3 e5 11.Be3 a6 12.Ba4 exd4 13.Nxd4 Ne5 14.Rc1 Nc4 15.Qe2 Nxe3
16.Qxe3 Qa5 17.a3 Qh5 18.Bd1 Qe5 19.Nf3 Qa5 20.Qf4 Qd8 21.Nd2 Be6 22.Bf3 Qa5
23.Nf1 Rfd8 24.Rcd1 Qb6 25.Rd2 Qa5 26.Red1 Bb3 27.Re1 Rac8 28.Ne3 Nh5 29.Bxh5 Qxh5
30.Rxd6 Be5 31.Rxd8+ Rxd8 32.Qg4 Qh6 33.Qe2 Qf8 34.Ng4 Bd4 35.e5 h5 36.Nf6+ Kg7
37.Qf3 Qe7 38.Qg3 Rh8 39.Re2 b5 40.Qg5 Bc4 41.Rd2 Bxe5 42.Nce4 Qc7 43.Nd7 Be6
44.Qxe5+ Qxe5 45.Nxe5 Re8 46.Nd6 Rb8 47.f4 b4 48.a4 b3 49.Rd4 Kf8 50.g4 hxg4
51.hxg4 f6 52.Nxg6+ Kg7 53.f5  1-0

[Event "10th Lichtenberger Sommer"]
[Site "Berlin GER"]
[Date "2011.08.13"]
[Round "1.31"]
[White "Lerch,Ph"]
[Black "Lange,Rudolf"]
[Result "1-0"]
[WhiteElo "2078"]
[BlackElo "1830"]

1.e4 c5 2.Nf3 Nc6 3.Bb5 e6 4.c3 Nge7 5.O-O a6 6.Ba4 g6 7.d4 cxd4 8.cxd4 Bg7
9.d5 Ne5 10.Nxe5 Bxe5 11.Nc3 Qc7 12.Bh6 Bxh2+ 13.Kh1 Bf4 14.Bxf4 Qxf4 15.d6 Nc6
16.Bxc6 dxc6 17.g3 Qf6 18.Na4 Qe5 19.Nb6 Bd7 20.Nxa8 Qxe4+ 21.Kg1 h5 22.Re1 Qf5
23.Qd4  1-0

[Event "27th Geraadsbergen Open"]
[Site "Geraadsbergen BEL"]
[Date "2011.08.13"]
[Round "5.20"]
[White "Roos,Ad"]
[Black "Blijlevens,P"]
[Result "0-1"]
[WhiteElo "2123"]
[BlackElo "1918"]

1.e4 c5 2.Nf3 Nc6 3.Bb5 g6 4.Bxc6 dxc6 5.d3 Bg7 6.h3 Nf6 7.Nc3 O-O 8.Be3 Nd7
9.Qd2 e5 10.Bh6 Qe7 11.Bxg7 Kxg7 12.Nh2 Rd8 13.O-O Nf8 14.f4 exf4 15.Qxf4 Ne6
16.Qe5+ f6 17.Qg3 Nd4 18.Rf2 Rf8 19.Raf1 Bd7 20.Nd1 Rae8 21.Ne3 f5 22.Kh1 f4  0-1

[Event "SS Manhem GM"]
[Site "Gothenburg SWE"]
[Date "2011.08.13"]
[Round "1"]
[White "Hillarp Persson,T"]
[Black "Bejtovic,J"]
[Result "1/2-1/2"]
[WhiteElo "2547"]
[BlackElo "2415"]

1.e4 c5 2.Nf3 Nc6 3.Bb5 g6 4.Bxc6 dxc6 5.d3 Bg7 6.h3 Nf6 7.Nc3 Nd7 8.Be3 e5
9.Qd2 Qe7 10.a3 a5 11.O-O O-O 12.Bh6 Rd8 13.Bxg7 Kxg7 14.Nh2 Nf8 15.Ne2 g5
16.Ng3 Ng6 17.Ng4 Nf4 18.Ne3 Kh8 19.Ngf5 Bxf5 20.Nxf5 Qd7 21.Rae1 f6 22.Qe3 Ne6
23.Qf3 Qf7 24.c3 Rd7 25.g3 Rad8 26.Rd1 Qg6 27.Kh2 Ng7 28.Nxg7 Kxg7 29.Qe3 b6
30.Rd2 h6 31.Rfd1 Qe8 32.d4 cxd4 33.cxd4 exd4 34.Rxd4 Rxd4 35.Rxd4 Rxd4 36.Qxd4 b5
37.f4 a4 38.Kg2 Qe7 39.Kf3 c5 40.Qd5 h5 41.h4 gxh4 42.gxh4 Kh6 43.Qc6 Qg7
44.Kf2 Qe7 45.e5 Kg7 46.Qg2+ Kf8 47.Qa8+ Kg7 48.Qg2+ Kf8 49.Qa8+ Kg7  1/2-1/2

[Event "Sakkozo Magyarok World Meeting"]
[Site "Lakitelek HUN"]
[Date "2011.08.13"]
[Round "8.29"]
[White "Orban,Vasile-Gheorghe"]
[Black "Nagy,Jo"]
[Result "0-1"]
[WhiteElo "1722"]
[BlackElo "1870"]

1.e4 c5 2.Nf3 Nc6 3.Bb5 d6 4.Bxc6+ bxc6 5.d3 g6 6.h3 Bg7 7.Nbd2 Rb8 8.Rb1 Qc7
9.O-O Ba6 10.c4 Qd7 11.Qc2 e6 12.Rd1 Ne7 13.Nf1 e5 14.Be3 f5 15.Bg5 f4 16.N1h2 Ng8
17.Nh4 Kf7 18.g4 h6 19.Bxf4 exf4 20.Qd2 Be5 21.N2f3 g5 22.Nf5 Ne7 23.d4 cxd4
24.N5xd4 Qc7 25.b3 Rhd8 26.Qe2 c5 27.Nf5 Nxf5 28.exf5 Bb7 29.Rd3 Bxf3 30.Qxf3 Qb7
31.Rd5 Re8 32.Re1 Bd4 33.Re6 Rxe6 34.fxe6+ Kg7 35.Qd3 Qe7 36.Qe4 Bf6 37.Rd2 Rf8
38.Re2 Be5 39.Qd5 Qxe6 40.Qb7+ Rf7 41.Qh1 Qg6 42.f3 Bd4+ 43.Kf1 Qb1+  0-1

[Event "Stare Mesto FIDE Open"]
[Site "Stare Mesto CZE"]
[Date "2011.08.13"]
[Round "2.20"]
[White "Shanel,J"]
[Black "Svoboda,Ma"]
[Result "1-0"]
[WhiteElo "2190"]
[BlackElo "1974"]

1.e4 c5 2.Nf3 Nc6 3.Bb5 d6 4.O-O Nf6 5.Nc3 Bd7 6.d4 cxd4 7.Nxd4 e6 8.Be3 Be7
9.f4 a6 10.Nxc6 bxc6 11.Bd3 e5 12.h3 h5 13.Qe2 h4 14.fxe5 dxe5 15.Bxa6 Rb8
16.Bc4 Qa5 17.Bb3 Bb4 18.Na4 c5 19.a3 Bxa4 20.axb4 Rxb4 21.Rxa4 Rxa4 22.Bxa4+ Qxa4
23.Bxc5 Rh6 24.Qd3 Qc6 25.Be3 Rg6 26.Rd1 Qc7 27.Qb5+ Nd7 28.c4  1-0

[Event "Stare Mesto FIDE Open"]
[Site "Stare Mesto CZE"]
[Date "2011.08.13"]
[Round "2.22"]
[White "Vecera,Pe"]
[Black "Rabatin,J"]
[Result "0-1"]
[WhiteElo "1938"]
[BlackElo "2150"]

1.e4 c5 2.Nf3 Nc6 3.Bb5 g6 4.Nc3 Bg7 5.O-O Nd4 6.Nxd4 cxd4 7.Ne2 Nf6 8.d3 Qb6
9.Bc4 O-O 10.c3 dxc3 11.bxc3 d6 12.Be3 Qc7 13.h3 Nxe4 14.Bxf7+ Rxf7 15.dxe4 Be6
16.Bd4 Bc4 17.Qd2 e5 18.Be3 d5 19.exd5 Rd8 20.Qc2 Rxd5 21.Rfd1 Rfd7 22.Rxd5 Rxd5
23.Bxa7 b6 24.Qe4 Rc5 25.Qa8+ Bf8 26.Rb1 Ra5  0-1

[Event "FSGM August"]
[Site "Budapest HUN"]
[Date "2011.08.14"]
[Round "9"]
[White "Illingworth,M"]
[Black "Konnyu,J"]
[Result "0-1"]
[WhiteElo "2389"]
[BlackElo "2370"]

1.e4 c5 2.Nf3 Nc6 3.Bb5 Nf6 4.Nc3 g6 5.e5 Ng4 6.Bxc6 dxc6 7.h3 Nh6 8.g4 Bg7
9.d3 O-O 10.Qe2 f5 11.g5 Nf7 12.Bf4 Qa5 13.Qe3 Nd8 14.O-O-O Ne6 15.Kb1 b5
16.Ne2 Qb6 17.h4 Nc7 18.c4 Be6 19.Qc1 Rab8 20.Nd2 Rfd8 21.Rh3 Na6 22.Qc3 Rb7
23.Rdh1 Nb4 24.Rg3 bxc4 25.dxc4 Nd3 26.Rxd3 Rxd3 27.Qc2 Qb4 28.Rc1 Rbd7 29.Nb3 a5
30.Be3 Rxe3 31.fxe3 a4 32.Nbd4 cxd4 33.exd4 f4 34.Qc3 Bf5+ 35.Ka1 Qxc3 36.bxc3 f3
37.Nf4 Rb7 38.a3 Rb1+ 39.Rxb1 Bxb1 40.Nh3 Bd3  0-1

[Event "FSFMA1 August"]
[Site "Budapest HUN"]
[Date "2011.08.14"]
[Round "9"]
[White "Bernula,Istvan"]
[Black "Grimm,D"]
[Result "0-1"]
[WhiteElo "1877"]
[BlackElo "2065"]

1.e4 c5 2.Nf3 Nc6 3.Bb5 e6 4.Nc3 Qc7 5.O-O Nd4 6.Nxd4 cxd4 7.Ne2 a6 8.Ba4 Nf6
9.d3 Bc5 10.Bf4 Bd6 11.Bxd6 Qxd6 12.h3 O-O 13.f4 Qb6 14.Bb3 Nxe4 15.dxe4 d3+
16.Kh1 dxe2 17.Qxe2 Qc5 18.a4 b6 19.Rad1 d6 20.Rf3 b5 21.Rc3 Qb6 22.axb5 axb5
23.Qd2 Bb7 24.Qxd6 Qxd6 25.Rxd6 Bxe4 26.Rd4 Bg6 27.Rc7 Ra1+ 28.Kh2 Rb1 29.g4 Rxb2
30.Kg3 Rb1 31.f5 exf5 32.gxf5 Bxf5 33.Rxf7 Rxb3+ 34.cxb3 Rxf7  0-1

[Event "26th Universiade Women"]
[Site "Shenzhen CHN"]
[Date "2011.08.15"]
[Round "2.7"]
[White "Sukandar,I"]
[Black "Seps,M"]
[Result "1-0"]
[WhiteElo "2366"]
[BlackElo "2195"]

1.e4 c5 2.Nf3 Nc6 3.Bb5 g6 4.O-O Bg7 5.Re1 Nf6 6.e5 Nd5 7.Nc3 Nc7 8.Bxc6 dxc6
9.Nb1 Nd5 10.Nc3 Nc7 11.Ne4 b6 12.Nf6+ Kf8 13.Ne4 Bg4 14.Nc3 Ne6 15.h3 Bxf3
16.Qxf3 Nd4 17.Qe4 f5 18.exf6 exf6 19.Ne2 Qe8 20.Nxd4 cxd4 21.d3 f5 22.Qe6 Qxe6
23.Rxe6 Re8 24.Rxc6 Re1+ 25.Kh2 Ke8 26.b3 Kd7 27.Rd6+ Kc7 28.Bf4 Bh6 29.Bxh6 Rxa1
30.Bf4 Rxa2 31.Rxd4+ Kb7 32.Rd7+ Ka6 33.Rc7 Re8 34.Be3 Rd8 35.Kg3 Kb5 36.Kh4 a5
37.Kg5 a4 38.bxa4+ Rxa4 39.Rxh7 Rd6 40.g3 Kc6 41.Bf4 Re6 42.Rc7+ Kd5 43.Rd7+ Kc5
44.Rc7+ Kd5 45.Rd7+ Kc5  1-0

[Event "10th Lichtenberger Sommer"]
[Site "Berlin GER"]
[Date "2011.08.16"]
[Round "4.84"]
[White "Kuebart,Thore"]
[Black "Becker,Uwe"]
[Result "1-0"]
[WhiteElo "1868"]
[BlackElo "1791"]

1.e4 c5 2.Nf3 Nc6 3.Bb5 d6 4.Bxc6+ bxc6 5.O-O Bg4 6.d3 e6 7.Nbd2 Be7 8.c3 d5
9.Qa4 Bxf3 10.Qxc6+ Kf8 11.Nxf3 Rc8 12.Qa4 Qc7 13.exd5 exd5 14.Bf4 Qb7 15.Ne5 Nf6
16.Bg5 Rc7 17.Rae1 h6 18.Bxf6 gxf6 19.Ng4 h5 20.Ne3 Rg8 21.Nf5 Rg5 22.Qf4 d4
23.f3 Rd7 24.h4 Rg6 25.c4 a5 26.Rf2 Qc7 27.Qe4 Qb7 28.Rfe2 Qc7 29.Nxe7 Kg7
30.Nxg6 fxg6 31.Qe7+  1-0

[Event "4th Sabadell Open A"]
[Site "Sabadell ESP"]
[Date "2011.08.16"]
[Round "7"]
[White "Alarcon Casellas,Rol"]
[Black "Munoz Pantoja,M"]
[Result "1/2-1/2"]
[WhiteElo "2453"]
[BlackElo "2482"]

1.e4 c5 2.Nf3 Nc6 3.Bb5 Nf6 4.Nc3 Nd4 5.e5 Nxb5 6.Nxb5 Nd5 7.O-O a6 8.Nc3 Nxc3
9.dxc3 d5 10.exd6 Qxd6 11.Qe2 f6 12.Re1 Kf7 13.b3 e6 14.Ba3 Bd7 15.Rad1 Qc7
16.Bc1 Re8 17.Bf4 e5 18.Qc4+ Be6 19.Bxe5 fxe5 20.Rd7+ Qxd7 21.Nxe5+ Kg8 22.Nxd7 Bxc4
23.Rxe8 Kf7 24.Rxf8+ Rxf8 25.Nxf8 Bb5 26.Nxh7 Kg6 27.Nf8+ Kf7 28.Nh7 Kg6
29.Ng5  1/2-1/2

[Event "26th Universiade Women"]
[Site "Shenzhen CHN"]
[Date "2011.08.16"]
[Round "4.10"]
[White "Borosova,Z"]
[Black "Seps,M"]
[Result "1-0"]
[WhiteElo "2310"]
[BlackElo "2195"]

1.e4 c5 2.Nf3 Nc6 3.Bb5 g6 4.Bxc6 bxc6 5.O-O Bg7 6.Re1 Nh6 7.c3 O-O 8.h3 d6
9.d4 Qb6 10.Qc2 cxd4 11.cxd4 f6 12.Nc3 Nf7 13.Be3 Qb7 14.Rac1 Bd7 15.Na4 Qb5
16.Nc3 Qh5 17.Ne2 Qb5 18.b3 Kh8 19.Nc3 Qh5 20.Ne2 Qb5 21.Nd2 Rac8 22.Nc4 f5
23.exf5 Bxf5 24.Qd2 e5 25.Qc2 Bd7 26.Qd2 Bf5 27.dxe5 dxe5 28.Nc3 Qa6 29.Na4 Rfd8
30.Qa5 Qb5 31.Qxa7 Nd6 32.Nxd6 Rxd6 33.Nc3 Qb8 34.Qxb8 Rxb8 35.Red1 Rd3 36.Na4 Rxd1+
37.Rxd1 Be4 38.Nc3 Bf5 39.Bc5 Kg8 40.g4 Be6 41.Rd6 Re8 42.f3 h5 43.Rxc6 Bc8
44.Ne4 Be6 45.Ng5 Bd5 46.Rd6 Ba8 47.Rxg6 hxg4 48.hxg4 Kh8 49.Ne6 Rg8 50.Rxg7 Rxg7
51.Nxg7 Kxg7 52.Kf2 Kf6 53.Ke3 Bd5 54.f4  1-0

[Event "Stare Mesto FIDE Open"]
[Site "Stare Mesto CZE"]
[Date "2011.08.16"]
[Round "6"]
[White "Stachon,Martin"]
[Black "Plat,V"]
[Result "0-1"]
[WhiteElo "2040"]
[BlackElo "2410"]

1.e4 c5 2.Nf3 Nc6 3.Bb5 g6 4.Bxc6 dxc6 5.d3 Bg7 6.Nc3 e5 7.Be3 Qd6 8.h3 Ne7
9.Qd2 h6 10.Nh2 g5 11.Na4 b6 12.g4 Ng6 13.f3 Nf4 14.Nf1 h5 15.Ng3 hxg4 16.hxg4 Rxh1+
17.Nxh1 Be6 18.b3 O-O-O 19.O-O-O c4 20.Nf2 b5 21.Nc5 c3 22.Qe1 Ng2 23.Qe2 Nxe3
24.Qxe3 Bf8 25.b4 Bxa2 26.Na6 Qd4 27.Qxd4 Rxd4 28.Rh1 Bxb4 29.Rh8+ Kb7 30.Nxb4 Rxb4
31.Nd1 Rb1+  0-1

[Event "Stare Mesto FIDE Open"]
[Site "Stare Mesto CZE"]
[Date "2011.08.17"]
[Round "7"]
[White "Fiala,Jan1"]
[Black "Spacek,O"]
[Result "1-0"]
[WhiteElo "2089"]
[BlackElo "1944"]

1.e4 c5 2.Nf3 Nc6 3.Bb5 Nd4 4.Nxd4 cxd4 5.c4 Qc7 6.d3 a6 7.Ba4 b5 8.cxb5 axb5
9.Bb3 e5 10.O-O Nf6 11.f4 Bd6 12.Qf3 Bb7 13.Na3 Bc6 14.fxe5 Bxe5 15.Bf4 d6
16.Rac1 b4 17.Nc4 O-O 18.Nxe5 dxe5 19.Bg5 Ne8 20.Bd5 Ra6 21.Rxc6 Rxc6 22.Bxc6 Qxc6
23.Be7 f6 24.Bxf8 Kxf8 25.Qd1 Qa6 26.Qb3  1-0

[Event "XLV Mislata Open A"]
[Site "Mislata ESP"]
[Date "2011.08.18"]
[Round "5"]
[White "Cabero Feliciano,G"]
[Black "Martinez Piqueras,C"]
[Result "1-0"]
[WhiteElo "2101"]
[BlackElo "2158"]

1.e4 c5 2.Nf3 Nc6 3.Bb5 Nf6 4.e5 Nd5 5.Nc3 Nc7 6.Bc4 g6 7.O-O Bg7 8.Re1 O-O
9.d3 Ne6 10.Ne4 b6 11.c3 Bb7 12.d4 cxd4 13.cxd4 Na5 14.Bd3 d5 15.Neg5 Nxg5
16.Nxg5 Bc8 17.Qf3 f5 18.Qh3 h6 19.Nf3 f4 20.e6 Rf6 21.Nh4 Nc6 22.Bxg6 Nxd4
23.Bf7+ Rxf7 24.exf7+ Kxf7 25.Qd3 Qd6 26.Bd2 e5 27.Bc3 Nc6 28.Nf5 Bxf5 29.Qxf5+ Kg8
30.Rad1 Rf8 31.Qh5 d4 32.Bd2 Qd5 33.g3 fxg3 34.hxg3 Qf7 35.Qxf7+ Rxf7 36.f4 exf4
37.Bxf4 Kh7 38.Re6 Rf6 39.Rde1 d3 40.Rxf6 Bxf6 41.Re6 Bd4+ 42.Kf1 Nb4 43.a3 Nc2
44.Rxh6+ Kg7 45.Rd6 Bxb2 46.Rxd3 Nxa3 47.Rd7+ Kg6 48.Rxa7 Nb5 49.Rb7 Bd4
50.Bc7 Nxc7 51.Rxc7 Kf5 52.Kg2 Ke4 53.Re7+ Kd3 54.Kf3 b5 55.Rb7 Kc4 56.Ke4 Bc5
57.g4 b4 58.g5 b3 59.g6 Bf8 60.Rc7+ Kb4 61.Kd3 Ka3 62.Rf7 b2 63.Kc2  1-0

[Event "4th Sabadell Open A"]
[Site "Sabadell ESP"]
[Date "2011.08.18"]
[Round "9"]
[White "Narciso Dublan,M"]
[Black "Vega Gutierrez,S"]
[Result "0-1"]
[WhiteElo "2544"]
[BlackElo "2285"]

1.e4 c5 2.Nf3 Nc6 3.Bb5 e6 4.Bxc6 bxc6 5.d3 Ne7 6.Qe2 Ng6 7.h4 h5 8.e5 f6
9.Qe4 Kf7 10.Nbd2 d5 11.exd6 Qxd6 12.Qa4 e5 13.Nc4 Qd5 14.Nb6 axb6 15.Qxa8 Bg4
16.Qa4 b5 17.Qe4 Qd7 18.a4 Bf5 19.Qe3 Nf4 20.O-O Rh6 21.g3 Rg6 22.axb5 cxb5
23.Nh2 Bh3 24.Rd1 Bg2 25.Qe1 Bc6 26.Bxf4 exf4 27.d4 fxg3 28.fxg3 Qd5 29.Ra7+ Kg8  0-1

[Event "10th Lichtenberger Sommer"]
[Site "Berlin GER"]
[Date "2011.08.19"]
[Round "7.4"]
[White "Bruchmann,S"]
[Black "Muse,D"]
[Result "1/2-1/2"]
[WhiteElo "2304"]
[BlackElo "2381"]

1.e4 c5 2.Nf3 Nc6 3.Bb5 e6 4.O-O Nge7 5.Nc3 Nd4 6.Nxd4 cxd4 7.Ne2 a6 8.Ba4 b5
9.Bb3 Nc6 10.d3 Bc5 11.Ng3 h5 12.f4 h4 13.Nh1 Na5 14.Qg4 Rh7 15.f5 Nxb3 16.axb3 Be7  1/2-1/2

[Event "Metalmex Open"]
[Site "Liberec CZE"]
[Date "2011.08.19"]
[Round "7.1"]
[White "Kaderabek,J"]
[Black "Karlik,V"]
[Result "0-1"]
[WhiteElo "2205"]
[BlackElo "2268"]

1.e4 c5 2.Nf3 Nc6 3.Bb5 g6 4.c3 Bg7 5.O-O Nf6 6.Re1 O-O 7.d3 d6 8.Nbd2 e5
9.h3 Nh5 10.Nf1 Nf4 11.d4 Qc7 12.dxc5 dxc5 13.Ne3 Rd8 14.Nd5 Nxd5 15.exd5 Ne7
16.Bc4 Nf5 17.Bg5 Re8 18.Bf4 Nd6 19.Nxe5 Nxc4 20.d6 Qxd6 21.Qa4 Be6  0-1

[Event "26th Universiade Women"]
[Site "Shenzhen CHN"]
[Date "2011.08.19"]
[Round "7"]
[White "Ambartsumova,K"]
[Black "Seps,M"]
[Result "1-0"]
[WhiteElo "2303"]
[BlackElo "2195"]

1.e4 c5 2.Nf3 Nc6 3.Bb5 g6 4.O-O Bg7 5.Re1 Nf6 6.e5 Nd5 7.Nc3 Nc7 8.Bxc6 dxc6
9.Ne4 b6 10.Nf6+ Kf8 11.Ne4 Bg4 12.d3 Ne6 13.Ned2 g5 14.h3 Bh5 15.Ne4 h6
16.g4 Bg6 17.Ng3 Qd7 18.Qe2 Re8 19.Bd2 Kg8 20.a4 a5 21.b3 f6 22.Nf5 h5 23.Qe4 Bf7
24.Rad1 Qd5 25.c4 Qxe4 26.Rxe4 Kf8 27.Rde1 Kg8 28.Kg2 Kh7 29.exf6 exf6 30.Nd6 Kg6
31.gxh5+  1-0

[Event "5th Zupanja Open"]
[Site "Zupanja CRO"]
[Date "2011.08.19"]
[Round "3"]
[White "Leventic,I"]
[Black "Ostovic,M"]
[Result "1-0"]
[WhiteElo "2470"]
[BlackElo "2266"]

1.e4 c5 2.Nf3 Nc6 3.Bb5 Qc7 4.O-O Nf6 5.Re1 a6 6.Bxc6 Qxc6 7.d4 d6 8.e5 dxe5
9.dxe5 Nd5 10.h3 g6 11.c4 Nc7 12.Nc3 Be6 13.b3 Rd8 14.Qe2 Bg7 15.Bf4 O-O
16.Rad1 Rd7 17.Rxd7 Qxd7 18.Rd1 Qc6 19.Qe3 b5 20.Qe4 Qxe4 21.Nxe4 bxc4 22.Nxc5 cxb3
23.axb3 Bd5 24.Nd4 Ne6 25.Ndxe6 fxe6 26.Be3 Rb8 27.f4 a5 28.Rd3 Bh6 29.h4 Rb4
30.g3 Kf7 31.Kf2 Bg7 32.g4 Bxe5 33.fxe5 Rxg4 34.Bg5 h6 35.Bxh6 Rxh4 36.Bg5 Rg4
37.Rg3 Rb4 38.Rh3 Rb5 39.Nd7 Ke8 40.Rh7 Kxd7 41.Rxe7+ Kc6 42.Ra7 Bxb3 43.Bd2 a4
44.Bc3 Rc5 45.Bd4 Rc1 46.Ke3 Re1+ 47.Kf4 Bc2 48.Bb2 Rf1+ 49.Kg4 Kb5 50.Ba3 Rf5
51.Bd6 Kc4 52.Rb7 Kd5 53.Rb5+ Ke4 54.Rb4+ Kd3 55.Rb8 Bd1+ 56.Kg3 g5 57.Rb1 Bc2
58.Ra1 Ke4 59.Re1+ Kd3 60.Ra1 Kc4 61.Rc1 Kb3 62.Ra1 Kb2 63.Ra3 Bb3 64.Kg4 Rf1
65.Kxg5 Ra1  1-0